Morangos com Açúcar T8 - Statistics

Estatísticas Gerais
  • Esse quiz foi jogado 116 vezes
  • A pontuação média é 10 de 15
Estatísticas das Respostas
Hint Resposta % Correto
Quem era o casal de protagonistaa? Lourenço e Marta
98%
Qual o país se origem da Sandra? China
88%
Qual o país de origem do Javi? Índia
88%
Como se chama a diretora da escola? Linda
85%
Quem ganha a bolsa para Londres? Clara
80%
Qual a profissão da Cláudia? Jornalista
78%
Qual o clube onde jogam o Lourenço e o Pedro? União
78%
Com quem começa a namorar o Filipe? Simara
71%
Para que país vão de férias no verão? Cabo verde
58%
A Patrícia vem de onde? Circo
54%
Qual o negócio do Luís? Loja de conveniência
43%
Onde trabalha o Jorge? Loja de t-shirts
42%
Onde são passadas as férias de verão? Tavira
42%
Onde vão de férias da Páscoa? Alentejo
38%
Como se chama a nova professora de interpretação? Alexandra
38%
Nenhum quiz correspondente encontrado
Distribuição das Pontuações
Porcentagem de Pessoas com Cada Pontuação
Percentil de Números Respondidos
Sua Pontuação Histórica
Você não jogou esse quiz